000 00461pab a2200181 454500
008 180718b2014 xxu||||| |||| 00| 0 eng d
100 _aTiwari, Sanjay
245 _aICT for sustainable development in higher education
260 _c2014
300 _ap.21-30.
362 _a6 Jan
650 _aInformation technology
650 _aSustainable development
650 _aHigher education
773 _aUniversity News
908 _aN
909 _a103087
999 _c103084
_d103084